Statistics for Mystery Destination Quiz

Click here to take the quiz!

General Stats

  • This quiz has been taken 16,124 times
    (8,160 since last reset)
  • The average score is 11 of 18

Answer Stats

Starting In...Traveling...Then...You End Up In...% Correct
Torontonorth 542 mileseast 3412 milesLondon
85%
Montrealsouth 331 mileswest 24 milesNew York City
79%
Seoulsouth 130 mileseast 717 milesTokyo
77%
Copenhagensouth 218 mileseast 34 milesBerlin
76%
Liverpoolsouth 5 mileswest 135 milesDublin
73%
Seattlesouth 934 mileseast 234 milesLos Angeles
69%
Mumbainorth 660 mileseast 256 milesDelhi
63%
Detroitsouth 1145 mileseast 175 milesMiami
62%
Johannesburgnorth 3882 mileseast 192 milesCairo
61%
Montevideonorth 19 mileswest 126 milesBuenos Aires
56%
Madridsouth 169 mileseast 1496 milesAthens
55%
Hanoisouth 502 mileswest 319 milesBangkok
54%
Sydneynorth 132 mileswest 2075 milesPerth
52%
Kabulnorth 81 mileswest 996 milesTehran
48%
Mexico Citynorth 129 mileswest 3784 milesHonolulu
47%
Minneapolissouth 1036 mileseast 191 milesNew Orleans
46%
Shanghaisouth 426 mileseast 9 milesTaipei
43%
Moscowsouth 1547 mileseast 391 milesBaghdad
40%

Score Distribution

Percentile by Number Answered

Percent of People with Each Score

Your Score History

You have not taken this quiz since the last reset